Welcome to the Holygrace Academy Library

Please use search bar below to get started

AIRY FAIRY (Record no. 6342)

MARC details
000 -LEADER
fixed length control field 00615nam a22001457a 4500
020 ## - INTERNATIONAL STANDARD BOOK NUMBER
ISBN 0-439-96335-4
082 ## - DEWEY DECIMAL CLASSIFICATION NUMBER
Classification number 823
Item number RYA/A
100 ## - MAIN ENTRY--AUTHOR NAME
Personal name RYAN, MARGARET
245 ## - TITLE STATEMENT
Title AIRY FAIRY
260 ## - PUBLICATION, DISTRIBUTION, ETC. (IMPRINT)
Place of publication NEW DELHI
Name of publisher SCHOLASTIC INC
Year of publication 2005
300 ## - PHYSICAL DESCRIPTION
Number of Pages 76
520 ## - SUMMARY, ETC.
Summary, etc Airy Fairy is messy, accident-prone and generally a disaster, according to her teacher Miss Stickler. Fairy Gropplethorpe's Academy for Good Fairies just don't know what to do with her. After Airy Fairy's school report is the worst in the history of the school (even her spelling is useless - she spells wand, wond!)
650 ## - SUBJECT ADDED ENTRY--TOPICAL TERM
Topical Term SHORT STORY
942 ## - ADDED ENTRY ELEMENTS (KOHA)
Koha item type Books
Holdings
Withdrawn status Lost status Collection code Home library Current library Shelving location Date acquired Source of acquisition Full call number Accession Number Koha item type
    Fiction Main Library Main Library SHELF 15-K-CHILDREN'S STORYBOOKS 30/03/2013 Purchase 823 RYA/A 06539 Books